000 01332cam a2200385 i 4500
999 _c30925
_d30925
001 19819475
005 20210128090743.0
008 170722s2017 nyua b 001 0 eng d
010 _a 2017288616
015 _aGBB4B6039
_2bnb
016 7 _a016897830
_2Uk
020 _a9780415832434
020 _a0415832438
020 _a041583242X
020 _a9780415832427
035 _a(OCoLC)ocn893630999
050 0 0 _aLB 2395.7 .K67 2017
082 0 4 _a378.17344678
_223
100 1 _aKo, Susan Schor,
_eauthor.
245 1 0 _aTeaching online :
_ba practical guide /
_cSusan Ko and Steve Rossen.
250 _aFourth edition.
300 _axxiii, 486 pages :
_billustrations ;
_c22 cm
500 _aPrevious edition: 2010.
504 _aIncludes bibliographical references (pages [436]-470) and index.
650 0 _aEducation, Higher
_xComputer-assisted instruction.
650 0 _aWorld Wide Web
_xStudy and teaching (Higher)
650 0 _aInternet in education.
650 0 _aCollege teaching
_xAids and devices.
650 0 _aInternet in higher education.
650 0 _aComputer-assisted instruction.
650 0 _aDistance education.
650 0 4 _aInsegnamento universitario
_xImpiego di internet
_vManuali.
700 1 _aRossen, Steve,
_eauthor.
942 _2lcc
_cBOOKS
_hLB 2395.7 .K67 2017